Culture Générale - Série 1627 - Statistiques

Statistiques générales
  • Ce quiz a été pris 92 fois
  • Le résultat moyen est 5 sur 10
Statistiques - réponses
Question Réponse % Correct
Dans quelle ville de France siège le Parlement européen ? Strasbourg
98%
De quelle ville du nord de la France les Roubaisiens sont-ils les habitants ? Roubaix
94%
Quelle ville des Pyrénées-Atlantiques est habitée par les Luziens ? Saint-Jean-de-Luz
81%
Sous quel nom est connu le poisson-épée ? espadon
74%
Lors de la création du Revenu minimum d'insertion, en 1988, qui était le Premier ministre de la France ? Michel Rocard
54%
Dans le dessin animé, quel est le nom du "formidable robot des temps nouveaux" piloté par Actarus ? Goldorak
46%
Quel mot issu du latin "venari" désigne l'art de la chasse à courre ? vénerie
40%
Dans quelle ville allemande peut-on visiter la maison natale de Ludwig van Beethoven ? Bonn
28%
En 1968, à quel chanteur de soul doit-on le tube "(Sittin'On) The Dock Of The Bay" ? Otis Redding
22%
Si l'ochopathie désigne le mal des transports terrestres, comment appelle-t-on le mal de mer ? naupathie
8%
Aucun quiz correspondant
Distribution des résultats
% des personnes avec chaque résultat
Percentile par nombre de réponses
Votre historique - résultats
Vous n’avez pas pris ce quiz